Wird geladen...

Perspectives on karma and rebirth/

Bibliographische Detailangaben
1. Verfasser: Kewal Krishnan Mittal
Format: Printed Book
Veröffentlicht: New Delhi: Department of Buddist Studies, 1990.
Schlagworte:
LEADER 00735nam a22001691a 4500
082 |a 294.522  |b KEW/P 
100 |a Kewal Krishnan Mittal  |9 114175 
245 |a Perspectives on karma and rebirth/  |c by Kewal Krishnan Mittal 
260 |a New Delhi:  |b Department of Buddist Studies,  |c 1990. 
300 |a 207p. 
650 |a Karma  |9 114176 
650 |a Hinduism  |9 114177 
650 |a Religion  |9 114178 
942 |c BK 
999 |c 34235  |d 34235 
952 |0 0  |1 0  |4 0  |6 294_522000000000000_KEW_P  |7 0  |9 49712  |a SSUS  |b SSUS  |c STACKS  |d 2015-01-08  |g 200.00  |l 3  |o 294.522 KEW/P  |p 005237  |r 2019-03-26  |s 2019-03-14  |v 0.00  |w 2015-01-08  |y BK 
952 |0 0  |1 0  |4 0  |6 294_522000000000000_KEW_P  |7 0  |9 49713  |a SSUS  |b SSUS  |d 2015-01-08  |g 200.00  |o 294.522 KEW/P  |p 005235  |r 2017-07-04  |v 0.00  |w 2015-01-08  |y BK